|
|
|
|
| LEADER |
00000nam0a2200000 4500 |
| 001 |
85760 |
| 005 |
20250519120712.0 |
| 035 |
|
|
|a (RuTPU)RU\TPU\book\92136
|
| 035 |
|
|
|a RU\TPU\book\88920
|
| 090 |
|
|
|a 85760
|
| 100 |
|
|
|a 20051117d1978 m y0rusy50 ca
|
| 101 |
1 |
|
|a rus
|c ger
|
| 102 |
|
|
|a RU
|
| 105 |
|
|
|a y z 000ay
|
| 200 |
1 |
|
|a Новеллы
|e пер. с нем.
|f С. Цвейг
|
| 210 |
|
|
|a Челябинск
|c Южно-Уральское кн. изд-во
|d 1978
|
| 215 |
|
|
|a 487 с.
|
| 333 |
|
|
|a Исключено из фонда НТБ ТПУ
|
| 464 |
|
|
|t Летняя новелла; Страх; Амок; Фантастическая ночь; Письмо незнакомки; Улица в лунном свете; Двадцать четыре часа из жизни женщины; Закат одного сердца; Гувернантка; Жгучая тайна; Незримая коллекция; Лепорелла; Мендель-букинист; Неожиданное знакомство с новой профессией
|o новеллы
|
| 610 |
1 |
|
|a новеллы
|
| 610 |
1 |
|
|a немецкая литература
|
| 675 |
|
|
|a 83
|v 3
|
| 700 |
|
1 |
|a Цвейг
|b С.
|c австрийский писатель
|f 1881-1942
|g Стефан
|3 (RuTPU)RU\TPU\pers\17082
|9 6222
|
| 801 |
|
0 |
|a RU
|b 63413507
|c 20011209
|g PSBO
|
| 801 |
|
1 |
|a RU
|b 63413507
|c 20050920
|g PSBO
|
| 801 |
|
2 |
|a RU
|b 63413507
|c 20161011
|g PSBO
|
| 850 |
|
|
|a 63413507
|
| 942 |
|
|
|c BK
|